000 00259nam a22001217a 4500
008 170505b xxu||||| |||| 00| 0 eng d
041 _aeng
080 _a34
100 _a14
101 _aSHJ
245 _aTHE CONCEPT LAW
_cHART.H.L.A
942 _2udc
_cBK
999 _c12774
_d12774